Manual histórico-alfabético del cuadro sinóptico para el uso del papel sellado con arreglo al Real Decreto de 8 de agosto e instrucción de 1º de octubre de 1851 / (Record no. 41936)

MARC details
000 -LEADER
campo de control de longitud fija 00722nam a2200181 i 4500
001 - NÚMERO DE CONTROL
campo de control 41936
003 - IDENTIFICADOR DE NÚMERO DE CONTROL
campo de control ES-MaACL
005 - FECHA Y HORA DE LA ÚLTIMA TRANSACCIÓN
campo de control 20251003063053.0
007 - CAMPO FIJO DE DESCRIPCIÓN FÍSICA--INFORMACIÓN GENERAL
campo de control de longitud fija t|
008 - DATOS DE LONGITUD FIJA--INFORMACIÓN GENERAL
campo de control de longitud fija 030312s1851 sp ||||1| spa d
100 1# - ENTRADA PRINCIPAL--NOMBRE DE PERSONA
Nombre de persona Casas y Quijano, José Gonzalo de las,
Fechas asociadas al nombre 1826-1894
9 (RLIN) 127392
245 10 - MENCIÓN DEL TÍTULO
Título Manual histórico-alfabético del cuadro sinóptico para el uso del papel sellado con arreglo al Real Decreto de 8 de agosto e instrucción de 1º de octubre de 1851 /
Mención de responsabilidad, etc. por José Gonzalo de las Casas.
260 ## - PUBLICACIÓN, DISTRIBUCIÓN, ETC.
Lugar de publicación, distribución, etc. Madrid :
Nombre del editor, distribuidor, etc. Pedro Sanz y Sanz,
Fecha de publicación, distribución, etc. 1851.
300 ## - DESCRIPCIÓN FÍSICA
Extensión 84 p. ;
Dimensiones 20 cm.
650 ## - PUNTO DE ACCESO ADICIONAL DE MATERIA--TÉRMINO DE MATERIA
Término de materia o nombre geográfico como elemento de entrada Timbre (Impuesto)-
Subdivisión geográfica España.
9 (RLIN) 161971
852 ## - LOCALIZACIÓN
Ubicación ES-MaACL
Número de control de estantería L-4905(12-1)
Holdings
Estatus retirado Estado de pérdida Estado de daño No para préstamo Colección Biblioteca de origen Biblioteca actual Ubicación en estantería Fecha de adquisición Fuente de adquisición Total de préstamos Signatura topográfica completa Código de barras Visto por última vez Precio de reemplazo Tipo de ítem Koha
        Libros del s. XIX Biblioteca del Ateneo de Madrid Biblioteca del Ateneo de Madrid Depósito 2 17/01/2008     L-4905(12-1) 1044143 23/02/2023 23/02/2023 Libro impreso antiguo